00482nam a22001577a 45000050016000000200022000160200025000380370008000631000017000712450082000882600037001702700056002073000031002636500012002947000018003062011121907307.0 a8186838295c75.00 a9788186838297c75.00 bPUB aNaidu, Vayu  aA folktale from Tamilnadu magic vessels /cby Vayu Naidu; art by Mugdha Shah  aChennaibTulika Publishersc2009 a13, Prithvi Avenue, AbhiramaourambChennaie600 018 aunpagedbill. c23cm(pbk)  aStories a Shah, Mugdha